| 000 | 00804nam a2200241 u 4500 | ||
|---|---|---|---|
| 005 | 20220622063621.0 | ||
| 008 | 130129s2007 r 000 0 eng d | ||
| 020 | _a9788478719457 | ||
| 035 | _aUPN01000189338 | ||
| 049 | _aI | ||
| 050 | 4 |
_aPZ36.3 _bL8.7 |
|
| 100 | 1 |
_aLuciani, Brigitte, _d1966- _933409 |
|
| 245 | 1 | 0 |
_aTentempié, mapache y pelusa : _buna visita inesperada / _cBrigitte Luciani ; il. Eve Tharlet ; tr. Anna Duesa. |
| 260 |
_aBarcelona, Esp. : _bRBA, _c2007. |
||
| 300 |
_a32 p. : _bprincipalmente il. col |
||
| 440 | 0 | _aMolino | |
| 534 |
_pTítulo original: _tMonsieur Blaireau et Madame Renarde : remue-ménage |
||
| 650 | 0 |
_aAnimales _vCuentos y leyendas _9234 |
|
| 650 | 4 |
_aCuentos infantiles _96744 |
|
| 700 | 1 |
_aTharlet, Eve, _eil. |
|
| 905 | _aInfantil | ||
| 999 |
_c161441 _d161441 |
||